[Event "World Women-ch k.o."]
[Site "Teheran"]
[Date "2017.02.18"]
[Round "3.2"]
[White "Muzychuk, Anna"]
[Black "Pham, Le Thao Nguyen"]
[Result "1-0"]
[WhiteElo "2558"]
[BlackElo "2351"]
[Annotator "Moradiabadi,E"]
[PlyCount "149"]
[EventDate "2017.02.11"]
[EventType "k.o."]
[EventRounds "7"]
[EventCountry "IRI"]
[SourceTitle "CBM 177"]
[Source "ChessBase"]
[SourceDate "2017.03.16"]
[SourceVersion "1"]
[SourceVersionDate "2017.03.16"]
[SourceQuality "1"]

1. e4 g6 2. d4 Bg7 3. Nf3 d6 {In this set up of the Modern Defence (known as a
derivative of the Pirc Defence) Black attempts to keep the option of putting
pressure on d4 by skipping the early development of a knight to f6.} 4. c3 $5 {
A solid and well-known approach. Now we soon will get a typical Torre/London
middlegame.} a6 5. Bd3 Nf6 6. O-O O-O 7. Re1 Nc6 8. Na3 $5 {White is
threatening e5 which more or less forces Black to play e5 , as a result of
which, White manages to get a simple game with a fixed centre.} e5 9. dxe5 dxe5
10. Nc4 Re8 (10... Nh5 11. Bf1 {would have led to equality after trading rhe
queens but is that what Pham would want?}) 11. a4 $5 h6 (11... Nh5 {does not
work like before because} 12. g3 $1 Bg4 13. Ne3 {and now} Bxf3 {is bad due to}
14. Qxf3 Qxd3 15. Rd1 Nd4 16. cxd4 Qb3 17. Ra3 Qe6 18. d5 $16) 12. b4 $14 Bg4
13. h3 Bd7 $2 {This provocative manoeuvre does not really yield anything for
Black. There is no attack via h3!} 14. Be3 Nh5 15. Bf1 Qc8 16. Qd2 g5 $2 {
I understand Black's desperation but it only leaves her too much to handle.
White will soon win material.} 17. b5 Nb8 18. b6 {Now White will win an
exchange. The rest of the game is a one sided encounter in White's favour.} Bc6
19. bxc7 Qxc7 20. Nb6 Nd7 21. Nxa8 Rxa8 22. Qc2 Ndf6 23. Nd2 g4 24. g3 gxh3 25.
Bxh3 Bd7 26. Bxd7 Qxd7 27. Kg2 Qg4 28. Qd1 Qg6 29. Qf3 Rd8 30. Qf5 Nf4+ 31.
Bxf4 Qxf5 32. exf5 exf4 33. Ne4 fxg3 34. fxg3 Nxe4 35. Rxe4 Bxc3 36. Rb1 Rd7
37. Rb6 Kh7 38. Rh4 Bd2 39. Kf3 a5 40. Rh1 Rc7 41. Ke2 Bg5 42. Rhb1 Rc2+ 43.
Kf3 Rc3+ 44. Kg2 Ra3 45. Rxb7 Kg7 46. R1b6 Rxa4 47. Rg6+ Kf8 48. Rb8+ Ke7 49.
Ra6 Rb4 50. Rba8 Rb7 51. Rxa5 Kf6 52. R8a6+ Kg7 53. Ra7 Rb2+ 54. Kh3 Rb3 55.
R5a6 Bf6 56. Rc6 Rb8 57. Rcc7 Rf8 58. Kg4 Bg5 59. Kh5 Bf6 60. Rc6 Rb8 61. Raa6
Bg5 62. f6+ Kh7 63. Rc7 Rf8 64. Raa7 Kg8 65. Rd7 Be3 66. Rac7 Bg5 67. Rb7 Be3
68. Kg4 Bc1 69. Kf5 Bg5 70. Rbc7 Be3 71. Rd3 Bb6 72. Rc6 Ba5 73. Ra6 Bb4 74.
Ra4 Bc5 75. Rg4+ {Muzychuk made a few inaccuracies here and there but it was
only a matter of time before she won this game. A neat positional
demonstration by Anna!} 1-0

[Event "Copenhagen CU 75th"]
[Site "Copenhagen"]
[Date "2002.02.14"]
[Round "6"]
[White "Sahl, Bjarke"]
[Black "Mortensen, Erling"]
[Result "0-1"]
[WhiteElo "2406"]
[BlackElo "2441"]
[Annotator "Mortensen,E"]
[PlyCount "57"]
[EventDate "2002.02.09"]
[EventType "tourn"]
[EventRounds "9"]
[EventCountry "DEN"]
[EventCategory "9"]
[SourceTitle "CBM 088"]
[Source "ChessBase"]
[SourceDate "2002.03.21"]
[SourceVersion "1"]
[SourceVersionDate "2002.03.21"]
[SourceQuality "1"]

1. d4 g6 2. e4 Bg7 3. Nc3 c6 4. Bc4 d6 5. Qf3 e6 6. Nge2 b5 7. Bb3 a5 8. a4 ({
Now white is going to lose time with the knight. In a game a few weeks later
my young opponent chose the strongest move:} 8. a3 Ba6 9. d5 exd5 10. exd5 c5
$6 11. Ne4 $1 $146 Ne7 (11... Ra7 12. Bf4 Rd7 13. Qe3 Ne7 14. Bh6 $16) (11...
c4 $5 12. Ba2 Ne7 13. Nf6+ Kf8 14. O-O $14 (14. Nd4 Nf5)) 12. Nxc5 O-O (12...
dxc5 13. d6 $18) 13. Nxa6 Nxa6 14. O-O {1-0 Pedersen,N-Mortensen,E/Greve DEN
2002 (56)} (14. c3 $16 {and black does not have enough for the pawn.})) 8... b4
9. Nb1 (9. Nd1 Na6 (9... Ba6 $1) 10. Ne3 Nf6 11. Nc4 d5 12. exd5 cxd5 13. Ne5
Qc7 (13... Nb8 $1 $11) 14. Bf4 Qb7 15. Qe3 h5 16. h4 Nb8 17. f3 Nc6 18. O-O-O
$14 {1-0 Brinck Claussen,B-Mortensen,E/Copenhagen 2002/CBM 88_01 (34). (33)})
9... Ba6 10. Be3 d5 {The typical pawn setup in this line closing out the
bishop on b3} 11. Nd2 Nd7 12. h4 h6 13. O-O-O Ne7 {The black position is very
flexible, and there is a clear plan to open the c-file and start attacking the
white king. In contrast it is not easy to find better squares for the rather
clumsily placed white pieces.} 14. g4 e5 $5 {It is rarely a good idea to open
the center in front of an uncastled king but this position seems an exception.
White has problems to defend the center - one threat being Bxe2 winning the d4
pawn.} ({Black is in no hurry to castle, as this would give white attacking
chances based on some piece sacrifice. But a solid alternative was} 14... Rc8 {
preparing a future c6-c5.}) 15. h5 {Possibly not best, as the bishop will not
have access to the square f4.} (15. Rhe1 Bxe2 16. Rxe2 exd4 17. Bf4 O-O 18.
exd5 Nxd5 19. Bxd5 cxd5 20. g5 (20. Qxd5 d3 $1 21. cxd3 Qf6 $19) 20... h5 21.
Qxd5 Nb6 22. Qxd8 Rfxd8 23. Nb3 (23. Bc7 d3 24. Re4 Rdc8 25. Bxb6 Rxc2+ 26. Kb1
Rxb2+ 27. Kc1 Rc8+ $19) 23... Rd5 $15) 15... g5 16. exd5 cxd5 17. Ne4 (17. Rhe1
Rc8 18. Bxd5 Nxd5 19. Qxd5 Qc7 20. Qe4 O-O $40) 17... O-O 18. N4g3 (18. Nxg5 $2
e4 $19) 18... e4 19. Qg2 Bxe2 ({Given some time white will play f3 and try to
exploit the weaknesses on f5 and d5, so black has to act with some decision.
Possibly even stronger was} 19... Nf6 20. f3 exf3 21. Qxf3 Qd7) 20. Nxe2 Nb6
21. f4 exf3 22. Qxf3 f5 $1 23. Bxg5 ({It is obvious that white has to prevent
f5-f4, but the piece sacrifice is clearly insufficient. However the black
pieces are to active and pawn a4 to weak after} 23. gxf5 Nxf5 24. Qg4 Qd7 $17)
23... hxg5 24. h6 Bf6 25. gxf5 Kh8 26. Ng3 Nc6 27. Rhe1 Nxd4 28. Qg4 Nxb3+ 29.
cxb3 0-1

[Event "Beersheba 16th"]
[Site "Beersheba"]
[Date "1997.03.03"]
[Round "7"]
[White "Rozentalis, Eduardas"]
[Black "Kantsler, Boris"]
[Result "1-0"]
[WhiteElo "2650"]
[BlackElo "2495"]
[Annotator "Mowsziszian,K"]
[PlyCount "105"]
[EventDate "1997.02.24"]
[EventType "tourn"]
[EventRounds "11"]
[EventCountry "ISR"]
[EventCategory "12"]
[SourceTitle "CBM 058"]
[Source "ChessBase"]
[SourceDate "1997.06.01"]
[SourceVersion "1"]
[SourceVersionDate "1997.06.01"]
[SourceQuality "1"]

1. e4 g6 2. d4 Bg7 3. Nc3 c6 4. Bc4 d6 5. Qf3 e6 6. Nge2 b5 (6... Nd7 7. O-O
Ngf6 8. Bb3 O-O 9. Bg5 (9. Qg3 e5 10. Qh4 exd4 11. Nxd4 Nc5 12. Re1 Ng4 13. Bg5
Qb6 14. Nf3 Nxb3 15. axb3 f6 16. Bc1 Ne5 17. Qg3 f5 18. Bf4 fxe4 19. Nxe5 dxe5
20. Be3 Qc7 21. Nxe4 b6 22. Qh4 Bf5 23. Bg5 Bxe4 24. Rxe4 Rf7 25. Rae1 $14 {
Yagupov,I-Komliakov,V/Orel/1994/}) 9... h6 10. Bh4 e5 11. Rad1 Qe7 12. Qe3 Re8
13. f4 exd4 14. Qxd4 Nxe4 15. Bxe7 Bxd4+ 16. Rxd4 Nxc3 17. Nxc3 Rxe7 18. Rxd6
Kg7 (18... Nf8 19. Rd8 b6 20. a4 Bb7 21. Rd6 Ba6 22. Rfd1 Rc8 23. a5 bxa5 24.
Ra1 $16 {[%csl Ra5,Ra7,Rc6] ׫,Nunn,J-Fauland,A/Vienna/1991/}) 19. f5 gxf5 20.
Rxf5 Nf8 21. Rf3 Be6 22. Rg3+ Kh8 23. Ne4 $1 $16 {Nunn,J-Ehlvest,J/Skelleftea
WCup/1989/}) 7. Bd3 (7. Bb3 a5 $6 8. a3 (8. a4 b4 9. Nd1 Ba6 10. Be3 d5 11.
exd5 cxd5 12. c4 Ne7 13. cxd5 Nxd5 14. Rc1 O-O 15. Bxd5 exd5 16. b3 Re8 17. O-O
Nd7 18. Re1 Nf6 19. Nb2 Ne4 20. Nf4 Ra7 21. Nfd3 Rae7 $36 {[%csl Ga6,Gg7,Rc3,
Rd4][%cal Ge7e1] <->e,><d4,c3,^^, Geenen,M-Zilberman,N/Manila olm/1992/}) 8...
Ba6 9. d5 $1 $146 (9. O-O Ne7 10. Bf4 O-O 11. Rfe1 Qc7 12. Rad1 Nd7 13. Qg3 Nc8
14. Qh4 b4 15. Na4 e5 16. dxe5 Nxe5 17. Bh6 Bb5 18. Nf4 Qd8 19. Qxd8 Rxd8 20.
Bxg7 Kxg7 21. axb4 Bxa4 22. Bxa4 axb4 23. Bb3 Nb6 24. Ra1 Kf6 25. Nd3 Nxd3 26.
cxd3 $11 {Sideifzade-Ivanov,A /Tashkent 1L/1980/}) 9... cxd5 (9... exd5 $142 $5
10. exd5 c5 $8 11. a4 (11. Bf4 $5 $36) 11... b4 12. Nb5 Bxb5 13. axb5 Nf6 14.
c4 $14) 10. exd5 e5 11. Ne4 Qc7 (11... h6 12. Qg3 {[%csl Re8][%cal Yf2f4] עe8,
/\f4->}) (11... f5 $2 12. Ng5 {[%csl Re6] ><e6}) 12. c4 $1 bxc4 (12... Ne7 13.
c5 $40) (12... Nd7 13. N2c3 bxc4 14. Ba4 {-12...bxc4}) 13. Ba4+ Nd7 14. N2c3
$44 Ke7 $2 {[%cal Yg8f6] /\Ngf6} (14... f5 15. Ng5 $40) (14... Ne7 15. Nf6+
Bxf6 16. Qxf6 $16) (14... h6 $5 15. Nb5 Bxb5 16. Bxb5 f5 17. Nd2 Ngf6 18. Bc6
$36 {[%csl Ra5,Rd6] ><a5,d6}) 15. Nxd6 $1 {1-0 Polgar,J-Shirov,A/Amsterdam
Donner (11) ;CBM 49 1995 (21)}) 7... e5 (7... Nd7 8. O-O Ne7 9. Qg3 e5 10. d5
cxd5 11. Nxd5 Nxd5 12. exd5 a6 13. a4 bxa4 14. Nc3 $1 f5 $2 15. Bxf5 gxf5 16.
Qxg7 Qf6 17. Qxf6 Nxf6 18. Rxa4 f4 19. f3 Bf5 20. Rf2 Kd7 21. Bxf4 $1 $18 {
Vasiukov,E-Zilberman,N/Belgorod/1990/}) 8. dxe5 (8. Be3 Nf6 9. dxe5 dxe5 10.
Rd1 Nbd7 11. Nc1 O-O 12. Nb3 Qc7 13. h3 a6 14. Nc5 Nxc5 15. Bxc5 Rd8 16. O-O
Nd7 17. Be3 Nf8 18. Ne2 Ne6 19. c3 Bb7 20. Bc2 c5 21. Qg3 Rxd1 22. Rxd1 Rd8 23.
Rxd8+ Qxd8 24. f3 Bf6 25. Qe1 Bg5 26. Qc1 h6 27. Kf2 c4 28. Ke1 Kg7 {0,5/Liss,
E-Kanstler,B/Rishon le Zion/1994/}) 8... dxe5 9. a4 b4 10. Nd1 Nd7 (10... Nf6
11. Bg5 h6 12. Bh4 O-O 13. O-O Be6 14. h3 Nbd7 15. Ne3 Nc5 16. Rfd1 Qe7 17. Ng4
$6 (17. Bxf6 $5 Bxf6 18. Bc4 $11) 17... g5 18. Nxf6+ Qxf6 19. Qxf6 Bxf6 $15 20.
Bg3 Rfd8 21. f3 Rd7 22. Bf2 Be7 23. Ng3 (23. Bxc5 $5 Bxc5+ 24. Kf1 Rad8 {/\b3}
(24... b3 25. cxb3 Bxb3 26. Rdc1 Be3 27. Rc3 Be6 28. Bc4 $11) 25. Nc1 {/\Ke2,
Nb3}) 23... Rad8 24. Nf5 Bxf5 25. exf5 Nxd3 26. Rxd3 Rxd3 27. cxd3 c5 $1 {
0-1 Kristensen,J-Ivanov,Mi/Aars (05) ;CBM 50 1995 (51)}) 11. Ne3 Ngf6 12. Nc4
O-O 13. O-O Ba6 {Natürlich möchte man a7-a5 und Ba6 spielen, aber dann werden
a5 und b6 schwach.} 14. Be3 Qe7 {/\Sc5><c4,e4} 15. Na5 Bxd3 16. cxd3 Qe6 (16...
Rfc8) 17. Nc1 $1 {Spricht für ein gutes Felderverständnis.} (17. Rfc1 Rfc8 18.
d4 exd4 19. Nxd4 Qxe4 20. Qxe4 Nxe4 21. Naxc6 Bf8) 17... Rfc8 18. Ncb3 Bf8 19.
Rfc1 {Erst nach der Überführung des Springers nach b3.} Rc7 20. Rc2 c5 21. h3
Rac8 22. Nc4 $14 Ne8 $1 {/\Sg7-e6} 23. Qg4 Ng7 24. Rac1 Qa6 25. a5 Ne6 26. g3
Nd4 27. Bxd4 cxd4 28. f4 Qb5 29. f5 (29. h4 $5 {/\h5,Th5} h5 (29... exf4 30.
gxf4 f5 31. exf5 Qxf5 32. Qxf5 gxf5 33. Kg2 Bg7 34. Ne3 $14) (29... Qa4 30. Nb6
$1 $16) 30. Qg5 Qa4 (30... Kh7 31. f5 $1 Bh6 32. fxg6+ fxg6 33. Qe7+ Kh8 34.
Nd6 $18) 31. Nb6 (31. Nbd2 b3 $19) (31. f5 Qxb3 32. fxg6 f6 33. Qxh5 Nc5 $19)
31... Qxb3 32. Rxc7 Rxc7 33. Rxc7 Qd1+ $11) 29... Bh6 30. Rf1 Qa6 31. Kh1 (31.
Rcf2 $2 Be3 32. Nxe3 dxe3 33. Rf3 Qxd3 $17) 31... Qf6 32. Rcf2 g5 {Jetzt ist
die Stellung ausgeglichen. Schwarz hat Raumvorteil, Weiß die besseren Springer.
} 33. Qd1 Bg7 34. Qd2 Bf8 35. Kg2 Be7 36. Qe2 Kh8 37. Nbd2 Rg8 38. Rc1 Qh6 $2 {
[#]} (38... Rgc8) 39. Nxe5 $1 Nxe5 40. Rxc7 Bd6 41. Rxa7 g4 42. h4 Qe3 43. Nf1
Qxd3 44. Qxd3 Nxd3 45. Rd2 Ne1+ 46. Kf2 Nf3 47. Rd7 Be5 (47... Nxd2 48. Nxd2
Be5 49. Nc4 f6 50. a6 $18) 48. a6 Ra8 49. a7 Kg7 50. Rd3 Bf6 51. Rxf3 gxf3 52.
Kxf3 b3 53. Nd2 1-0

[Event "Aars"]
[Site "Aars"]
[Date "1995.??.??"]
[Round "5"]
[White "Kristensen, Jorgen Juul"]
[Black "Ivanov, Mikhail M"]
[Result "0-1"]
[WhiteElo "2335"]
[BlackElo "2445"]
[Annotator "Mowsziszian,K"]
[PlyCount "102"]
[EventDate "1995.10.??"]
[EventType "tourn"]
[EventRounds "9"]
[EventCountry "DEN"]
[EventCategory "9"]
[SourceTitle "CBM 050"]
[Source "ChessBase"]
[SourceDate "1996.02.01"]
[SourceVersion "1"]
[SourceVersionDate "1996.02.01"]
[SourceQuality "1"]

1. e4 {Hecht} g6 2. d4 Bg7 3. Nc3 c6 4. Bc4 d6 5. Qf3 e6 6. Nge2 b5 7. Bd3 (7.
Bb3 $142 a5 (7... Bb7 $5) 8. a3 Ba6 9. d5 $1 cxd5 10. exd5 e5 11. Ne4 h6 12. g4
Nf6 13. N2g3 Nxe4 14. Nxe4 O-O 15. Qh3 $1 Nd7 (15... f5 16. gxf5 gxf5 17. Bxh6
fxe4 18. Bxg7 Kxg7 19. Rg1+ Kf6 20. Qe6#) 16. Bxh6 Nc5 17. Ng5 Bf6 18. Bg7 {
1-0 Zulfugarli,M-Bologan,V/Nikolaev zt (01) ;CBM 47 1995}) 7... e5 8. dxe5 dxe5
9. a4 b4 10. Nd1 Nf6 11. Bg5 {Diese Variante bringt nichts für Weiss, besser
ist} (11. h3 $142 Be6 12. Be3 Nbd7 13. b3 Qe7 14. Nb2 $13 {mit dem Versuch,
das schwache Feld c4 zu nutzen.}) 11... h6 12. Bh4 O-O 13. O-O Be6 14. h3 Nbd7
15. Ne3 Nc5 16. Rfd1 Qe7 17. Ng4 $6 (17. Bxf6 $5 Bxf6 18. Bc4 $10) 17... g5 18.
Nxf6+ Qxf6 19. Qxf6 Bxf6 $15 20. Bg3 Rfd8 21. f3 Rd7 22. Bf2 Be7 23. Ng3 (23.
Bxc5 $5 Bxc5+ 24. Kf1 Rad8 {/\b3} (24... b3 25. cxb3 Bxb3 26. Rdc1 Be3 27. Rc3
Be6 28. Bc4 $10) 25. Nc1 {/\Ke2,Nb3}) 23... Rad8 24. Nf5 Bxf5 25. exf5 Nxd3 26.
Rxd3 Rxd3 27. cxd3 c5 $1 28. Rc1 Rd5 29. Kf1 Rxd3 30. Bxc5 Bxc5 31. Rxc5 {
Hech: T-T Motive: passive weiße Verteidigung(32.Tc2?!), inaktiver wK,
schlechtere wB-Struktur, weit vorgerückte schwarze Freibauern gewinnen schnell.
} Rb3 32. Rc2 $2 (32. Rxe5 $2 Rxb2 33. Ra5 b3 34. Rxa7 Ra2 35. Rb7 b2 $19 {
/\Ra1}) (32. Ra5 $1 Rxb2 33. Rxa7 Ra2 34. Kg1 $3 b3 35. Rb7 b2 36. Kh2 $10)
32... Kg7 33. Kf2 Kf6 34. Rc6+ Kg7 (34... Kxf5 $4 35. g4+ Kf4 36. Rf6#) 35. Rc2
(35. Ra6 $1 {Hecht} Rxb2+ 36. Kg3 $10) 35... h5 $17 {/\h5-h4,Kf6} 36. g3 (36.
Rc7 $5) 36... h4 37. g4 e4 $1 {><e5,/\Kf6-e5} 38. fxe4 Rxh3 39. Rc7 Kf6 40. Rc5
(40. Rxa7 Rb3 $1 41. a5 Rxb2+ 42. Kg1 b3 43. a6 Ra2 44. Rb7 b2 45. a7 Rxa7 46.
Rxb2 Ke5 $17) 40... Rh2+ 41. Kf3 Rxb2 42. e5+ Kg7 43. e6 (43. Rc7 h3 44. e6 h2
45. Rxf7+ Kg8 $19) (43. f6+ {Hecht} Kg6 44. Rc8 h3 45. Rg8+ Kh7 46. Rg7+ Kh8
47. Rxf7 h2 48. Rf8+ Kh7 $19) 43... fxe6 44. fxe6 Kf6 45. Rxg5 Kxe6 46. Ra5 (
46. Rh5 {Hecht} h3 $1 $19) 46... h3 47. Rxa7 h2 48. Rh7 Ra2 49. Ke4 b3 50. Rh6+
Kf7 51. Kd3 Rg2 (51... Rg2 52. g5 b2 53. Rf6+ Kg7 54. Rf1 Rg1 $19) 0-1

[Event "Bundesliga 0506"]
[Site "Germany"]
[Date "2006.03.11"]
[Round "12.6"]
[White "Schlosser, Philipp"]
[Black "Thiede, Lars"]
[Result "1/2-1/2"]
[WhiteElo "2554"]
[BlackElo "2417"]
[Annotator "Mueller,Karsten"]
[PlyCount "136"]
[EventDate "2005.10.21"]
[EventType "team-tourn"]
[EventRounds "15"]
[EventCountry "GER"]
[SourceTitle "CBM 112"]
[Source "ChessBase"]
[SourceDate "2006.06.07"]
[SourceVersion "1"]
[SourceVersionDate "2006.06.07"]
[SourceQuality "1"]
[WhiteTeam "Baden-Baden"]
[BlackTeam "Neukoelln"]
[WhiteTeamCountry "GER"]
[BlackTeamCountry "GER"]

1. e4 g6 2. d4 Bg7 3. Nc3 d6 4. f4 a6 5. Nf3 Nd7 6. e5 Nh6 7. Bc4 O-O 8. e6 Nb6
9. exf7+ Kh8 10. Bb3 Bg4 11. Ne4 Nxf7 12. Bxf7 Bxf3 13. Qxf3 Rxf7 14. Ng5 Rf6
15. O-O h6 16. Ne4 Rf7 17. Qd3 Qd7 18. c3 Qb5 19. Nf2 Kh7 20. Re1 e5 21. dxe5
dxe5 22. fxe5 Re8 23. Qxb5 axb5 24. Nd3 Rfe7 25. Bf4 g5 26. Bg3 Nc4 27. Re4 Kg6
28. Rae1 Kf5 29. a4 c6 30. axb5 cxb5 31. Rd4 Bxe5 32. Rd5 Kf6 33. Nxe5 Nxe5 34.
Rf1+ Kg7 35. Rxb5 Nc4 36. b3 Nd2 37. Rd1 Ne4 38. Rd3 Ra8 39. Re3 Ra1+ 40. Be1
Kf7 41. c4 Rb1 42. g4 Nf6 43. Rxe7+ Kxe7 44. Kf1 Nxg4 45. h3 Ne3+ 46. Ke2 Ke6
47. Kxe3 Rxe1+ 48. Kf2 Rc1 49. Rxb7 Kf5 50. Ke3 Rc3+ 51. Kd4 Rxh3 52. c5 Rh1
53. b4 g4 54. Rg7 Rb1 55. Kc4 h5 56. c6 h4 57. b5 h3 58. Rh7 Rb2 59. Kc5 $2 {
[%mdl 4096] Weiß konnte das fehlende Tempo mit einem Trick gewinnen:} (59. Kd3
{der König weicht Schachs auf der c-Linie aus und zwingt den schwarzen Turm,
Zeit zu verlieren:} Rb3+ (59... Kg6 60. c7 Kxh7 61. c8=Q h2 62. Qf5+ Kh6 63.
Qf6+ Kh7 64. Qh4+ Kg6 65. Qxg4+ Kf6 66. Qh5 $18) (59... Rxb5 60. c7 Rc5 61.
Rh5+ $18) 60. Kd4 Rb4+ 61. Kc5 Rb2 62. c7 Rc2+ 63. Kd6 Rd2+ 64. Kc6 Rc2+ 65.
Kb7 Kg6 66. Rh8 Kg7 67. Rh4 $18) 59... h2 60. c7 Kg6 61. Rh4 (61. Rxh2 Rxh2 62.
b6 g3 63. Kd6 (63. Kd5 Rh8 64. b7 g2 65. c8=Q g1=Q 66. Qxh8 Qg2+ $11) 63... Rh8
64. b7 g2 65. b8=Q g1=Q 66. Qxh8 Qb6+ 67. Kd7 Qb5+ $11) 61... Rc2+ 62. Kd6 Rxc7
(62... g3 63. b6 g2 64. Rxh2 g1=Q 65. Rxc2 Qd4+ $11 (65... Qxb6+ $2 66. Rc6 $18
)) 63. Kxc7 (63. Rxh2 Rb7 64. Kc6 Rxb5 65. Kxb5 Kf5 66. Kc4 g3 67. Ra2 Ke4 68.
Ra3 Kf4 69. Kd4 g2 70. Ra1 Kf3 $11) 63... g3 64. b6 g2 65. Rxh2 g1=Q 66. Rc2
Qg3+ 67. Kb7 Qf3+ 68. Kb8 Qe4 1/2-1/2

[Event "EU-ch 13th"]
[Site "Plovdiv"]
[Date "2012.03.31"]
[Round "11"]
[White "Nisipeanu, Liviu Dieter"]
[Black "Azaladze, Shota"]
[Result "1-0"]
[WhiteElo "2643"]
[BlackElo "2419"]
[Annotator "Nisipeanu,LD"]
[PlyCount "71"]
[EventDate "2012.03.20"]
[EventType "swiss"]
[EventRounds "11"]
[EventCountry "BUL"]
[SourceTitle "CBM 148"]
[Source "ChessBase"]
[SourceDate "2012.05.16"]
[SourceVersion "1"]
[SourceVersionDate "2012.05.16"]
[SourceQuality "1"]

1. e4 g6 2. d4 Bg7 3. Nc3 c6 4. f4 d6 ({I was expecting} 4... d5 {which is the
move that my opponent always played.}) 5. Nf3 {I consider Black's opening play
to be at least dubious and I think that White only has to play natural moves
to gain an advantage.} Bg4 6. Be3 Qb6 7. Qd2 Bxf3 8. gxf3 Nf6 9. O-O-O Qa5 10.
Kb1 Nbd7 11. e5 $6 {Arround this point my arrogance reached astronomic
proportions and I considered my position to be close to winning. Of course,
White is better, but there cannot be any question about being winning and the
move I played in the game is definitely not the way to improve the white
position.} (11. Rg1 O-O-O 12. f5 (12. Rg5 $5 Qc7 13. d5 Kb8 (13... c5 14. e5
Nh5 15. Nb5 Qb6 16. a4 {is depressing for Black, if not outright losing.}) 14.
dxc6 bxc6 15. Bd3 $14) 12... Kb8 13. Bd3 {followed by f4 seems to be the right
plan, with clear advantage to White} (13. Bc4 $5)) 11... Nh5 (11... Nd5 12.
Nxd5 Qxd2 13. Bxd2 ({I also considered} 13. Nc7+ Kd8 14. Ne6+ fxe6 15. Bxd2 Rf8
16. Rg1 Nb6 17. Rg4 {with some edge to White}) 13... cxd5 14. h4 h5 15. exd6 e6
16. c4 $36 {is not so clear, according to the computer, but I like White here.
Anyway, Black should probably have played this.}) 12. Bh3 ({I saw} 12. exd6
exd6 13. Ne4 Qxd2 (13... Qc7 14. Qb4 Bf8 15. d5 c5 16. Qa4 {does not look too
promising for Black either.}) 14. Bxd2 O-O 15. Nxd6 {but I thought that my
position deserved better. But objectively, Black does not have enough for the
pawn and this is what I should have played.}) 12... Nb6 (12... f5 $1 {would
probably make me regret my hasty Bh3 move, since} 13. exf6 Bxf6 14. f5 Ng7 {
does not lead to anything special for White.}) 13. Qd3 Bh6 (13... Rd8 14. Bg4
$1 dxe5 15. fxe5 Bxe5 16. Bxh5 gxh5 17. Qf5 Nc4 18. dxe5 Nxe3 19. Rxd8+ Qxd8
20. Qf4 Nd5 21. Nxd5 cxd5 22. Qa4+ Kf8 23. Qxa7 {is better for White.}) 14.
exd6 exd6 ({During the game I thought that} 14... O-O 15. dxe7 Rfe8 {is the
best option for Black, but after} 16. f5 Bxe3 17. Qxe3 Nc4 18. Qc1 Rxe7 19. Ne4
{White is much better.}) 15. f5 Bg7 16. Qe4+ {There were other moves as well,
but keeping the black king in the centre and the h8-rook out of play appealed
to me.} Kf8 17. Rhe1 {Simple and logical chess} d5 18. Qh4 Nc4 19. Bc1 Qb4 20.
Ka1 Bf6 21. Qf2 a5 ({I expected} 21... Kg7 {but White is clearly better after}
22. Bg4 Nf4 23. a3 Qd6 24. Ne4 $1 dxe4 25. fxe4) 22. Ne4 $5 {I just could not
restrain myself after I saw this move. Maybe it is not the best, but we were
playing with limited time and such moves are very hard to meet over the board.}
dxe4 23. fxe4 a4 $6 (23... Bg5 {is the only move which questions White's
approach, but to be honest, I still like White after} 24. c3 Qe7 25. e5 Bxc1
26. Rxc1 Qg5 27. fxg6 hxg6 28. Be6 Qf4 29. Rf1 Qxf2 30. Rxf2 Ne3 31. Rxf7+) (
23... Qe7 24. Qe2 b5 25. e5 Bh4 26. Rf1 $16) 24. c3 Qa5 $2 {The decisive
mistake.} ({Even after the better} 24... Qe7 25. e5 Bh4 26. Qf1 Bxe1 27. f6 Qd8
28. Rxe1 Nb6 29. Bh6+ Ke8 30. a3 $1 {I would not like to play Black and in
fact I think that Black is just lost. Of course, proving this against the
computer is not easy...}) 25. e5 Nxe5 (25... a3 26. b4) 26. dxe5 Bxe5 27. Bh6+
Kg8 (27... Bg7 28. fxg6 hxg6 29. Rd7 (29. Re7 {is also possible}) 29... f5 30.
Bxg7+ Nxg7 31. Qd4 $18) 28. Qe3 Re8 (28... f6 29. fxg6 hxg6 30. Be6+ Kh7 31.
Rd7+ Ng7 32. Rxg7#) 29. Qxe5 $1 $18 {The simplest from a human point of view,
although I am sure that there are other wins as well.} Rxe5 30. Rxe5 Qa8 31. a3
{Not allowing the slightest counterplay!} Nf6 32. Re7 {Black is totally lost
with such a king, of course.} b5 33. Bg2 Ng4 34. Bxc6 Qc8 35. Rde1 Nxh6 36. f6
$1 1-0